| 000 | 00468nam a22001697a 4500 | ||
|---|---|---|---|
| 003 | SGT | ||
| 020 | _a9780748733118 | ||
| 082 |
_a616.85 _bD98M |
||
| 100 | _aMURDOCH, BRUCE E. | ||
| 245 | _aDYSARTHRIA : A PSYCHOLOGICAL APPROACH TO ASSESSMENT AND TREATMENT | ||
| 250 | _a1ST | ||
| 260 |
_aU.K. _bSTANLY THORNES PUB _c1998 |
||
| 300 | _a431 | ||
| 650 | _aAUDIOLOGY | ||
| 653 | _aDYSARTHRIA : A PSYCHOLOGICAL APPROACH TO ASSESSMENT AND TREATMENT | ||
| 942 |
_2ddc _cBK |
||
| 999 |
_c23461 _d23461 |
||